Football - Tous les Podiums de la Coupe du Monde - Statistiques

Statistiques générales
  • Ce quiz a été pris 874 fois
  • Le résultat moyen est 16 sur 20
Statistiques - réponses
Équipe % Correct
France
100%
Allemagne
99%
Argentine
99%
Brésil
99%
Espagne
99%
Italie
98%
Croatie
97%
Angleterre
95%
Belgique
94%
Pays-Bas
93%
Uruguay
93%
Portugal
85%
Suède
77%
États-Unis
70%
Hongrie
63%
Chili
61%
Turquie
61%
Pologne
59%
Tchécoslovaquie
51%
Autriche
48%
Aucun quiz correspondant
Distribution des résultats
% des personnes avec chaque résultat
Percentile par nombre de réponses
Votre historique - résultats
Vous n’avez pas pris ce quiz